Сакура и дуб. Впечатления и размышления о японцах и англичанах; Ветка сакуры; Корни дуба

Dades bibliogràfiques
Autor principal: Овчинников В. В. Всеволод Владимирович
Altres autors: Метченко Г. (иллюстратор)
Idioma:rus
Publicat: Москва, Советская Россия, 1983
TOC:Ветка сакуры;
Корни дуба;
Matèries:
Format: MixedMaterials Llibre
KOHA link:https://koha.lib.tpu.ru/cgi-bin/koha/opac-detail.pl?biblionumber=101312

MARC

LEADER 00000nam0a2200000 4500
001 101312
005 20231031112602.0
020 |a RU  |b 83-39513 
035 |a (RuTPU)RU\TPU\book\109185 
090 |a 101312 
100 |a 20060908d1983 m y0rusy5003 ca 
101 0 |a rus 
102 |a RU 
105 |a ac z 000ay 
200 1 |a Сакура и дуб. Впечатления и размышления о японцах и англичанах  |f В. В. Овчинников  |g худож. Г. Метченко 
210 |a Москва  |c Советская Россия  |d 1983 
215 |a 431 с.  |c ил., 1 л. портр.  |d 21 см 
464 |t Ветка сакуры 
464 |t Корни дуба 
610 1 |a Япония 
610 1 |a Великобритания 
675 |a Р2  |z rus  |v 3 
700 1 |a Овчинников  |b В. В.  |g Всеволод Владимирович  |4 070 
702 1 |a Метченко  |b Г.  |4 440 
801 0 |a RU  |b RuMRKP  |c 19950704  |g psbo 
801 1 |a RU  |b 63413507  |c 20060908  |g PSBO 
801 2 |a RU  |b 63413507  |c 20181019  |g PSBO 
942 |c BK